| 000 | 00853 a2200181 4500 | ||
|---|---|---|---|
| 003 | Nust | ||
| 005 | 20230118153124.0 | ||
| 040 | _cNust | ||
| 082 | _a657.834,WHI | ||
| 100 |
_aJohn A. White _913195 |
||
| 245 |
_aPrinciples of engineering economic analysis / _cJohn A. White |
||
| 250 | _a3rd ed. | ||
| 260 |
_aIslamabad _bNational book foundation _c1962 |
||
| 300 | _a588p | ||
| 505 | _aIntroduction (Page-1), Cost Concepts (Page-25), Time Value of Money Operations (Page-67), Measuring the Worth of Investments (Page-147), Comparison of Alternatives (Page-176), Depreciation and Income Tax Considerations (Page-261), Economic Analysis of Projects in the Public Sector (Page-331), Break Even Sensitivity and Risk Analysis (Page-371), Decision Models (Page-417). | ||
| 650 |
_aPrinciples of engineering economic analysis _9107025 |
||
| 942 |
_2ddc _cBK |
||
| 999 |
_c184990 _d184990 |
||